[Event "Is Bankasi Online Satranc Turn.13-14 Yas"]
[Site "T#645826Mustafa Kemal"]
[Date "2020.05.08"]
[Round "2"]
[White "Mehmetutkantop42"]
[Black "Yasarefekayan18"]
[Result "0-1"]
[WhiteElo "1620"]
[BlackElo "1738"]
[Annotator "NA RC"]
[PlyCount "74"]
[EventDate "2020.05.08"]
[EventType "swiss (blitz)"]

1. e4 {[%emt 0:00:03]} c5 {[%emt 0:00:02]} 2. Nf3 {[%emt 0:00:01]} e6 {[%emt 0:00:02]} 3. d4 {[%emt 0:00:01]} cxd4 {[%emt 0:00:03]} 4. Nxd4 {[%emt 0:00:01]} Nc6 {[%emt 0:00:01]} 5. Nc3 {[%emt 0:00:05]} Nf6 {[%emt 0:00:01]} 6. Bg5 {[%emt 0:00:03]} Bb4 {[%emt 0:00:02]} 7. Nxc6 {[%emt 0:00:01]} bxc6 {[%emt 0:00:01]} 8. Bd3 {[%emt 0:00:07]} Qa5 {[%emt 0:00:04]} 9. Bxf6 {[%emt 0:00:02]} gxf6 {[%emt 0:00:02]} 10. Qd2 {[%emt 0:00:02]} d5 {[%emt 0:00:04]} 11. exd5 {[%emt 0:00:45]} cxd5 {[%emt 0:00:00]} 12. O-O {[%emt 0:00:06]} d4 {[%emt 0:00:03]} 13. a3 {[%emt 0:00:01]} dxc3 {[%emt 0:00:02]} 14. axb4 {[%emt 0:00:06]} Qxa1 {[%emt 0:00:02]} 15. Qxc3 {[%emt 0:00:01]} Qa4 {[%emt 0:00:03]} 16. Be4 {[%emt 0:00:10]} O-O {[%emt 0:00:30]} 17. Qxf6 {[%emt 0:00:46]} Re8 {[%emt 0:00:41]} 18. Qg5+ {[%emt 0:00:18]} Kf8 {[%emt 0:00:04]} 19. Qh6+ {[%emt 0:00:13]} Ke7 {[%emt 0:00:02]} 20. Qg5+ {[%emt 0:00:01]} f6 {[%emt 0:00:46]} 21. Qg7+ {[%emt 0:00:02]} Kd8 {[%emt 0:00:01]} 22. Qxf6+ {[%emt 0:00:38]} Kc7 {[%emt 0:00:03]} 23. Bxa8 {[%emt 0:00:01]} Ba6 {[%emt 0:00:07]} 24. Qf7+ {[%emt 0:00:01]} Kb8 {[%emt 0:00:02]} 25. Rd1 {[%emt 0:00:04]} Kxa8 {[%emt 0:00:02]} 26. b3 {[%emt 0:00:01]} Qc6 {[%emt 0:00:13]} 27. c4 {[%emt 0:00:01]} Bb7 {[%emt 0:00:11]} 28. f3 {[%emt 0:00:01]} Rb8 {[%emt 0:00:06]} 29. Rd7 {[%emt 0:00:01]} Qb6+ {[%emt 0:00:02]} 30. Kf1 {[%emt 0:00:06]} Qxb4 {[%emt 0:00:07]} 31. Qxh7 {[%emt 0:00:04]} Qxb3 {[%emt 0:00:02]} 32. Qd3 {[%emt 0:00:04]} Qb4 {[%emt 0:00:12]} 33. Ke2 {[%emt 0:00:01]} Qb2+ {[%emt 0:00:03]} 34. Ke3 {[%emt 0:00:01]} Qc1+ {[%emt 0:00:07]} 35. Qd2 {[%emt 0:00:01]} Qxc4 {[%emt 0:00:01]} 36. Rd4 {[%emt 0:00:01]} Qc5 {[%emt 0:00:02]} 37. Kf2 {[%emt 0:00:01]} e5 {[%emt 0:00:01] Mehmetutkantop42 terk eder (Lag: Av=0.53s, max=0.7s)} 0-1

[Event "Is Bankasi Online Satranc Turn.13-14 Yas"]
[Site "T#645826Mustafa Kemal"]
[Date "2020.05.08"]
[Round "2"]
[White "Mertkoksal90"]
[Black "Talhaherdem78"]
[Result "1-0"]
[WhiteElo "1620"]
[BlackElo "1584"]
[Annotator "NA RC"]
[PlyCount "95"]
[EventDate "2020.05.08"]
[EventType "swiss (blitz)"]

1. e4 {[%emt 0:00:01]} c5 {[%emt 0:00:02]} 2. Nf3 {[%emt 0:00:01]} Nc6 {[%emt 0:00:01]} 3. d4 {[%emt 0:00:01]} cxd4 {[%emt 0:00:00]} 4. Nxd4 {[%emt 0:00:00]} Nf6 {[%emt 0:00:01]} 5. Nc3 {[%emt 0:00:02]} e6 {[%emt 0:00:01]} 6. Bc4 {[%emt 0:00:03]} Bb4 {[%emt 0:00:02]} 7. Nxc6 {[%emt 0:00:12]} bxc6 {[%emt 0:00:08]} 8. Bd2 {[%emt 0:00:04]} O-O {[%emt 0:01:17]} 9. O-O {[%emt 0:00:03]} Bxc3 {[%emt 0:00:09]} 10. Bxc3 {[%emt 0:00:02]} Nxe4 {[%emt 0:00:01]} 11. Bd4 {[%emt 0:00:07]} d5 {[%emt 0:00:08]} 12. Bd3 {[%emt 0:00:12]} f5 {[%emt 0:00:39]} 13. f3 {[%emt 0:00:11]} Nf6 {[%emt 0:00:04]} 14. Bc5 {[%emt 0:00:05]} Rf7 {[%emt 0:00:05]} 15. Re1 {[%emt 0:00:03]} Nd7 {[%emt 0:00:46]} 16. Bb4 {[%emt 0:00:04]} Qf6 {[%emt 0:00:01]} 17. Bc3 {[%emt 0:00:08]} d4 {[%emt 0:00:02]} 18. Ba5 {[%emt 0:00:06]} Bb7 {[%emt 0:00:02]} 19. Bc4 {[%emt 0:00:05]} Re8 {[%emt 0:00:02]} 20. Qe2 {[%emt 0:00:09]} e5 {[%emt 0:00:03]} 21. Bxf7+ {[%emt 0:00:02]} Qxf7 {[%emt 0:00:01]} 22. c3 {[%emt 0:00:03]} dxc3 {[%emt 0:00:02]} 23. bxc3 {[%emt 0:00:00]} Qd5 {[%emt 0:00:02]} 24. Bb4 {[%emt 0:00:08]} c5 {[%emt 0:00:01]} 25. Ba3 {[%emt 0:00:04]} g6 {[%emt 0:00:02]} 26. Red1 {[%emt 0:00:06]} Qc6 {[%emt 0:00:02]} 27. Qc4+ {[%emt 0:00:04]} Kh8 {[%emt 0:00:04]} 28. Bb2 {[%emt 0:00:04]} Kg7 {[%emt 0:00:02]} 29. Qd3 {[%emt 0:00:09]} e4 {[%emt 0:00:02]} 30. Qxd7+ {[%emt 0:00:02]} Qxd7 {[%emt 0:00:03]} 31. Rxd7+ {[%emt 0:00:00]} Kf6 {[%emt 0:00:03]} 32. c4+ {[%emt 0:00:03]} Ke6 {[%emt 0:00:06]} 33. Rxb7 {[%emt 0:00:01]} Rd8 {[%emt 0:00:02]} 34. fxe4 {[%emt 0:00:03]} Rd2 {[%emt 0:00:01]} 35. Bc3 {[%emt 0:00:01]} Rc2 {[%emt 0:00:01]} 36. Ba5 {[%emt 0:00:02]} Rxc4 {[%emt 0:00:01]} 37. exf5+ {[%emt 0:00:02]} Kxf5 {[%emt 0:00:00]} 38. Rxa7 {[%emt 0:00:01]} Rc2 {[%emt 0:00:02]} 39. Bb6 {[%emt 0:00:02]} c4 {[%emt 0:00:01]} 40. Rc7 {[%emt 0:00:02]} Ke5 {[%emt 0:00:02]} 41. a4 {[%emt 0:00:06]} Kd5 {[%emt 0:00:01]} 42. Rd1+ {[%emt 0:00:02]} Ke6 {[%emt 0:00:02]} 43. a5 {[%emt 0:00:01]} c3 {[%emt 0:00:03]} 44. a6 {[%emt 0:00:01]} Ra2 {[%emt 0:00:02]} 45. Rxc3 {[%emt 0:00:03]} Rxa6 {[%emt 0:00:02]} 46. Rc6+ {[%emt 0:00:01]} Kf7 {[%emt 0:00:02]} 47. Rd7+ {[%emt 0:00:02]} Kg8 {[%emt 0:00:03]} 48. Rc8# {[%emt 0:00:01] (Lag: Av=0.71s, max=1.1s)} 1-0

[Event "Is Bankasi Online Satranc Turn.13-14 Yas"]
[Site "T#645826Mustafa Kemal"]
[Date "2020.05.08"]
[Round "2"]
[White "Metinemrekina76"]
[Black "Metehanozen36"]
[Result "0-1"]
[WhiteElo "1620"]
[BlackElo "1868"]
[Annotator "NA RC"]
[PlyCount "58"]
[EventDate "2020.05.08"]
[EventType "swiss (blitz)"]

1. e4 {[%emt 0:00:07]} c5 {[%emt 0:00:02]} 2. Nf3 {[%emt 0:00:01]} Nc6 {[%emt 0:00:01]} 3. d4 {[%emt 0:00:01]} cxd4 {[%emt 0:00:01]} 4. Nxd4 {[%emt 0:00:00]} g6 {[%emt 0:00:00]} 5. Nxc6 {[%emt 0:00:05]} bxc6 {[%emt 0:00:02]} 6. Nc3 {[%emt 0:00:01]} Bg7 {[%emt 0:00:01]} 7. g3 {[%emt 0:00:01]} Nf6 {[%emt 0:00:10]} 8. Bg2 {[%emt 0:00:01]} O-O {[%emt 0:00:06]} 9. O-O {[%emt 0:00:03]} Bb7 {[%emt 0:00:03]} 10. Bd2 {[%emt 0:00:07]} d5 {[%emt 0:00:03]} 11. exd5 {[%emt 0:00:02]} cxd5 {[%emt 0:00:02]} 12. Bg5 {[%emt 0:00:03]} e6 {[%emt 0:00:04]} 13. Rb1 {[%emt 0:00:13] Metinemrekina76 beraberlik teklif ediyor} Qc7 {[%emt 0:00:06]} 14. Bf4 {[%emt 0:00:05]} Qc5 {[%emt 0:00:13]} 15. Be3 {[%emt 0:00:08]} Qa5 {[%emt 0:00:07]} 16. a3 {[%emt 0:00:07]} Rac8 {[%emt 0:00:04]} 17. Bd2 {[%emt 0:00:04]} Qc7 {[%emt 0:00:05]} 18. Rc1 {[%emt 0:00:16]} Rfd8 {[%emt 0:00:04]} 19. Ne2 {[%emt 0:00:03]} Ne4 {[%emt 0:00:05]} 20. Bf4 {[%emt 0:00:30]} e5 {[%emt 0:00:05]} 21. Bd2 {[%emt 0:00:11]} Qb6 {[%emt 0:00:18]} 22. b3 {[%emt 0:00:05]} d4 {[%emt 0:00:06]} 23. f4 {[%emt 0:00:08]} d3+ {[%emt 0:00:03]} 24. Kh1 {[%emt 0:00:17]} dxe2 {[%emt 0:00:04]} 25. Qxe2 {[%emt 0:00:00]} Rxd2 {[%emt 0:00:04]} 26. Qe1 {[%emt 0:00:19]} Nxg3+ {[%emt 0:00:05]} 27. Qxg3 {[%emt 0:00:09]} Bxg2+ {[%emt 0:00:01]} 28. Qxg2 {[%emt 0:00:04]} Rxg2 {[%emt 0:00:01]} 29. Kxg2 {[%emt 0:00:00]} exf4 {[%emt 0:00:01] Metinemrekina76 terk eder (Lag: Av=0.52s, max=0.9s)} 0-1

[Event "Is Bankasi Online Satranc Turn.13-14 Yas"]
[Site "T#645826Mustafa Kemal"]
[Date "2020.05.08"]
[Round "2"]
[White "Muratyigitsibl92"]
[Black "Yigitkizilcaog54"]
[Result "1-0"]
[WhiteElo "1620"]
[BlackElo "1620"]
[Annotator "NA RC"]
[PlyCount "57"]
[EventDate "2020.05.08"]
[EventType "swiss (blitz)"]

1. e4 {[%emt 0:00:02]} e5 {[%emt 0:00:01]} 2. Nf3 {[%emt 0:00:01]} Nc6 {[%emt 0:00:01]} 3. Bc4 {[%emt 0:00:01]} Nf6 {[%emt 0:00:01]} 4. d3 {[%emt 0:00:00]} Bc5 {[%emt 0:00:01]} 5. O-O {[%emt 0:00:01]} O-O {[%emt 0:00:02]} 6. h3 {[%emt 0:00:01]} d6 {[%emt 0:00:01]} 7. c3 {[%emt 0:00:01]} Re8 {[%emt 0:00:04]} 8. Nbd2 {[%emt 0:00:02]} Be6 {[%emt 0:00:03]} 9. Re1 {[%emt 0:00:02]} Bxc4 {[%emt 0:00:04]} 10. Nxc4 {[%emt 0:00:00]} a6 {[%emt 0:00:13]} 11. Be3 {[%emt 0:00:05]} Bxe3 {[%emt 0:00:05]} 12. Nxe3 {[%emt 0:00:00]} d5 {[%emt 0:00:12]} 13. exd5 {[%emt 0:00:07]} Nxd5 {[%emt 0:00:01]} 14. Nc4 {[%emt 0:00:01]} Nf4 {[%emt 0:00:05]} 15. Qd2 {[%emt 0:01:26]} Qf6 {[%emt 0:00:19]} 16. Kh2 {[%emt 0:00:18]} Qg6 {[%emt 0:00:14]} 17. g3 {[%emt 0:00:02]} Nh5 {[%emt 0:00:16]} 18. Ncxe5 {[%emt 0:00:09]} Nxe5 {[%emt 0:00:05]} 19. Nxe5 {[%emt 0:00:00]} Qd6 {[%emt 0:00:08]} 20. d4 {[%emt 0:00:09]} c5 {[%emt 0:00:09]} 21. Nf3 {[%emt 0:00:19]} cxd4 {[%emt 0:00:09]} 22. Qxd4 {[%emt 0:00:01]} Qc6 {[%emt 0:00:09]} 23. Rxe8+ {[%emt 0:00:17]} Rxe8 {[%emt 0:00:02]} 24. Re1 {[%emt 0:00:05]} Nf6 {[%emt 0:00:15]} 25. Rxe8+ {[%emt 0:00:03]} Nxe8 {[%emt 0:00:02]} 26. Ne5 {[%emt 0:00:07]} Qf6 {[%emt 0:00:12]} 27. Kg2 {[%emt 0:00:01]} Qb6 {[%emt 0:00:14]} 28. Qxb6 {[%emt 0:00:03]} Nf6 {[%emt 0:00:07]} 29. Qd8+ {[%emt 0:00:02] Yigitkizilcaog54 terk eder (Lag: Av=1.18s, max=1.4s)} 1-0

[Event "Is Bankasi Online Satranc Turn.13-14 Yas"]
[Site "T#645826Mustafa Kemal"]
[Date "2020.05.08"]
[Round "2"]
[White "Mustafaayhanat22"]
[Black "Bekirtalhadoga54"]
[Result "1-0"]
[WhiteElo "1620"]
[BlackElo "1154"]
[Annotator "NA RC"]
[PlyCount "105"]
[EventDate "2020.05.08"]
[EventType "swiss (blitz)"]

1. d4 {[%emt 0:00:03]} d5 {[%emt 0:00:02]} 2. Bf4 {[%emt 0:00:04]} Nc6 {[%emt 0:00:02]} 3. Nc3 {[%emt 0:00:02]} Bf5 {[%emt 0:00:04]} 4. e3 {[%emt 0:00:03]} e6 {[%emt 0:00:03]} 5. Bd3 {[%emt 0:00:02]} Bxd3 {[%emt 0:00:03]} 6. cxd3 {[%emt 0:00:04]} Bb4 {[%emt 0:00:01]} 7. a3 {[%emt 0:00:03]} Bxc3+ {[%emt 0:00:01]} 8. bxc3 {[%emt 0:00:01]} Qf6 {[%emt 0:00:04]} 9. Nf3 {[%emt 0:00:05]} Nh6 {[%emt 0:00:02]} 10. Bg5 {[%emt 0:00:09]} Qf5 {[%emt 0:00:15]} 11. Bxh6 {[%emt 0:00:13]} gxh6 {[%emt 0:00:02]} 12. Qe2 {[%emt 0:00:39]} Qg4 {[%emt 0:00:05]} 13. Rg1 {[%emt 0:00:13]} O-O-O {[%emt 0:00:06]} 14. h3 {[%emt 0:00:03]} Qg6 {[%emt 0:00:10]} 15. e4 {[%emt 0:00:19]} dxe4 {[%emt 0:00:06]} 16. dxe4 {[%emt 0:00:02]} Qh5 {[%emt 0:00:19]} 17. Nd2 {[%emt 0:00:15]} Qxe2+ {[%emt 0:00:03]} 18. Kxe2 {[%emt 0:00:01]} Rhe8 {[%emt 0:00:04]} 19. f3 {[%emt 0:00:04]} Ne7 {[%emt 0:00:02]} 20. Nc4 {[%emt 0:00:06]} b5 {[%emt 0:00:05]} 21. Ne5 {[%emt 0:00:10]} Ng6 {[%emt 0:00:04]} 22. Nxf7 {[%emt 0:00:07]} Rd7 {[%emt 0:00:12]} 23. Nxh6 {[%emt 0:00:13]} Nf4+ {[%emt 0:00:02]} 24. Kd2 {[%emt 0:00:06]} Ng6 {[%emt 0:00:08]} 25. Ng4 {[%emt 0:00:03]} h5 {[%emt 0:00:03]} 26. Ne3 {[%emt 0:00:02]} Nf4 {[%emt 0:00:04]} 27. h4 {[%emt 0:00:13]} e5 {[%emt 0:00:02]} 28. g3 {[%emt 0:00:04]} Ng6 {[%emt 0:00:05]} 29. Nf5 {[%emt 0:00:10]} exd4 {[%emt 0:00:02]} 30. cxd4 {[%emt 0:00:02]} Rf8 {[%emt 0:00:11]} 31. Rab1 {[%emt 0:00:05]} c6 {[%emt 0:00:03]} 32. Ke3 {[%emt 0:00:02]} Rf6 {[%emt 0:00:05]} 33. Rgd1 {[%emt 0:00:03]} c5 {[%emt 0:00:07]} 34. dxc5 {[%emt 0:00:03]} Rxd1 {[%emt 0:00:02]} 35. Rxd1 {[%emt 0:00:01]} Rc6 {[%emt 0:00:07]} 36. Nd6+ {[%emt 0:00:01]} Kc7 {[%emt 0:00:04]} 37. Nxb5+ {[%emt 0:00:02]} Kb7 {[%emt 0:00:03]} 38. Rd7+ {[%emt 0:00:04]} Ka6 {[%emt 0:00:05]} 39. Nc7+ {[%emt 0:00:02]} Ka5 {[%emt 0:00:14]} 40. Rd6 {[%emt 0:00:09]} Rxc5 {[%emt 0:00:01]} 41. Rxg6 {[%emt 0:00:01]} Rb5 {[%emt 0:00:01]} 42. Rg5 {[%emt 0:00:01]} Ka4 {[%emt 0:00:06]} 43. Nxb5 {[%emt 0:00:02]} Kb3 {[%emt 0:00:04]} 44. Rxh5 {[%emt 0:00:01]} Kc2 {[%emt 0:00:03]} 45. Rf5 {[%emt 0:00:01]} Kb3 {[%emt 0:00:01]} 46. h5 {[%emt 0:00:01]} Ka4 {[%emt 0:00:01]} 47. h6 {[%emt 0:00:01]} Ka5 {[%emt 0:00:01]} 48. h7 {[%emt 0:00:01]} Kb6 {[%emt 0:00:01]} 49. h8=Q {[%emt 0:00:01]} Ka5 {[%emt 0:00:01]} 50. Qh5 {[%emt 0:00:03]} Ka4 {[%emt 0:00:02]} 51. Nc3+ {[%emt 0:00:01]} Kb3 {[%emt 0:00:01]} 52. Rb5+ {[%emt 0:00:03]} Kxc3 {[%emt 0:00:01]} 53. Qc5# {[%emt 0:00:02] (Lag: Av=1.19s, max=1.7s)} 1-0

[Event "Is Bankasi Online Satranc Turn.13-14 Yas"]
[Site "T#645826Mustafa Kemal"]
[Date "2020.05.08"]
[Round "2"]
[White "Nurullahkilic14"]
[Black "Eminefeasci04"]
[Result "1-0"]
[WhiteElo "1620"]
[BlackElo "1620"]
[Annotator "NA RC"]
[PlyCount "49"]
[EventDate "2020.05.08"]
[EventType "swiss (blitz)"]

1. e4 {[%emt 0:00:03]} e5 {[%emt 0:00:02]} 2. Nf3 {[%emt 0:00:02]} Nc6 {[%emt 0:00:01]} 3. d4 {[%emt 0:00:01]} exd4 {[%emt 0:00:02]} 4. Bc4 {[%emt 0:00:01]} Bc5 {[%emt 0:00:03]} 5. c3 {[%emt 0:00:02]} dxc3 {[%emt 0:00:02]} 6. Bxf7+ {[%emt 0:00:02]} Kxf7 {[%emt 0:00:03]} 7. Qd5+ {[%emt 0:00:02]} Ke8 {[%emt 0:00:09]} 8. Qh5+ {[%emt 0:00:02]} g6 {[%emt 0:00:05]} 9. Qxc5 {[%emt 0:00:02]} cxb2 {[%emt 0:00:06]} 10. Bxb2 {[%emt 0:00:00]} d6 {[%emt 0:00:11]} 11. Qc3 {[%emt 0:00:07]} Nf6 {[%emt 0:00:42]} 12. Qxf6 {[%emt 0:00:03]} Qxf6 {[%emt 0:00:04]} 13. Bxf6 {[%emt 0:00:03]} Rf8 {[%emt 0:00:03]} 14. Bb2 {[%emt 0:00:03]} Nb4 {[%emt 0:00:08]} 15. Na3 {[%emt 0:00:02]} Nd3+ {[%emt 0:00:03]} 16. Ke2 {[%emt 0:00:09]} Nxb2 {[%emt 0:00:04]} 17. Nb5 {[%emt 0:00:06]} Kd8 {[%emt 0:00:12]} 18. Rac1 {[%emt 0:00:08]} c6 {[%emt 0:00:05]} 19. Nxd6 {[%emt 0:00:02]} Kc7 {[%emt 0:00:28]} 20. Nb5+ {[%emt 0:00:07]} Kb6 {[%emt 0:00:07]} 21. Nc3 {[%emt 0:00:13]} Bg4 {[%emt 0:00:07]} 22. Rb1 {[%emt 0:00:03]} Kc5 {[%emt 0:00:13]} 23. Rxb2 {[%emt 0:00:02]} Kc4 {[%emt 0:00:01]} 24. Rc1 {[%emt 0:00:03]} Rae8 {[%emt 0:00:09]} 25. Nd5# {[%emt 0:00:02] (Lag: Av=0.85s, max=2.6s)} 1-0

[Event "Is Bankasi Online Satranc Turn.13-14 Yas"]
[Site "T#645826Mustafa Kemal"]
[Date "2020.05.08"]
[Round "2"]
[White "Omeryigityaman82"]
[Black "Ahmethamzabayr88"]
[Result "1-0"]
[WhiteElo "1620"]
[BlackElo "1620"]
[Annotator "NA RC"]
[PlyCount "89"]
[EventDate "2020.05.08"]
[EventType "swiss (blitz)"]

1. d4 {[%emt 0:00:03]} e6 {[%emt 0:00:05]} 2. Nf3 {[%emt 0:00:02]} d5 {[%emt 0:00:02]} 3. e3 {[%emt 0:00:02]} a6 {[%emt 0:00:04]} 4. Bd3 {[%emt 0:00:02]} h6 {[%emt 0:00:00]} 5. O-O {[%emt 0:00:02]} Nf6 {[%emt 0:00:03]} 6. Nbd2 {[%emt 0:00:02]} Bd6 {[%emt 0:00:03]} 7. Qe2 {[%emt 0:00:02]} Ng4 {[%emt 0:00:03]} 8. h3 {[%emt 0:00:05]} Nh2 {[%emt 0:00:04]} 9. Nxh2 {[%emt 0:00:05]} Bxh2+ {[%emt 0:00:02]} 10. Kxh2 {[%emt 0:00:02]} Qd6+ {[%emt 0:00:05]} 11. Kg1 {[%emt 0:00:03]} O-O {[%emt 0:00:04]} 12. e4 {[%emt 0:00:02]} e5 {[%emt 0:00:03]} 13. exd5 {[%emt 0:00:07]} Qxd5 {[%emt 0:00:02]} 14. Qxe5 {[%emt 0:00:10]} Qxe5 {[%emt 0:00:02]} 15. dxe5 {[%emt 0:00:02]} Re8 {[%emt 0:00:02]} 16. f4 {[%emt 0:00:03]} Nc6 {[%emt 0:00:05]} 17. Nf3 {[%emt 0:00:02]} f6 {[%emt 0:00:03]} 18. exf6 {[%emt 0:00:08]} gxf6 {[%emt 0:00:02]} 19. Bd2 {[%emt 0:00:04]} Nd4 {[%emt 0:00:02]} 20. Nxd4 {[%emt 0:00:03]} Bd7 {[%emt 0:00:06]} 21. Bc3 {[%emt 0:00:02]} c5 {[%emt 0:00:02]} 22. Nf3 {[%emt 0:00:02]} f5 {[%emt 0:00:04]} 23. Bc4+ {[%emt 0:00:02]} Be6 {[%emt 0:00:03]} 24. Bxe6+ {[%emt 0:00:03]} Rxe6 {[%emt 0:00:01]} 25. Rfe1 {[%emt 0:00:01]} Rxe1+ {[%emt 0:00:02]} 26. Rxe1 {[%emt 0:00:02]} Rf8 {[%emt 0:00:02]} 27. Re7 {[%emt 0:00:04]} Rf7 {[%emt 0:00:02]} 28. Rxf7 {[%emt 0:00:02]} Kxf7 {[%emt 0:00:02]} 29. Ne5+ {[%emt 0:00:02]} Ke6 {[%emt 0:00:02]} 30. Kf2 {[%emt 0:00:03]} b5 {[%emt 0:00:02]} 31. a3 {[%emt 0:00:03]} b4 {[%emt 0:00:05]} 32. axb4 {[%emt 0:00:02]} cxb4 {[%emt 0:00:01]} 33. Bxb4 {[%emt 0:00:01]} h5 {[%emt 0:00:01]} 34. Kf3 {[%emt 0:00:05]} a5 {[%emt 0:00:03]} 35. Bxa5 {[%emt 0:00:02]} Kf6 {[%emt 0:00:01]} 36. b4 {[%emt 0:00:03]} Ke6 {[%emt 0:00:02]} 37. b5 {[%emt 0:00:01]} Kd6 {[%emt 0:00:01]} 38. b6 {[%emt 0:00:01]} Kc5 {[%emt 0:00:11]} 39. b7 {[%emt 0:00:02]} Kb5 {[%emt 0:00:01]} 40. b8=Q+ {[%emt 0:00:01]} Kxa5 {[%emt 0:00:01]} 41. Ke3 {[%emt 0:00:01]} Ka4 {[%emt 0:00:02]} 42. Kd3 {[%emt 0:00:01]} h4 {[%emt 0:00:01]} 43. Kc4 {[%emt 0:00:04]} Ka5 {[%emt 0:00:01]} 44. Kc5 {[%emt 0:00:05]} Ka4 {[%emt 0:00:02]} 45. Qb4# {[%emt 0:00:03] (Lag: Av=0.48s, max=1.4s)} 1-0

[Event "Is Bankasi Online Satranc Turn.13-14 Yas"]
[Site "T#645826Mustafa Kemal"]
[Date "2020.05.08"]
[Round "2"]
[White "Orkuncagankose80"]
[Black "Mustafakaratas16"]
[Result "1-0"]
[WhiteElo "1620"]
[BlackElo "1509"]
[Annotator "NA RC"]
[PlyCount "91"]
[EventDate "2020.05.08"]
[EventType "swiss (blitz)"]

1. e4 {[%emt 0:00:17]} e5 {[%emt 0:00:02]} 2. Nf3 {[%emt 0:00:02]} f6 {[%emt 0:00:01]} 3. Bc4 {[%emt 0:00:03]} c6 {[%emt 0:00:03]} 4. d4 {[%emt 0:00:05]} d5 {[%emt 0:00:04]} 5. exd5 {[%emt 0:00:01]} cxd5 {[%emt 0:00:02]} 6. Bb3 {[%emt 0:00:06]} e4 {[%emt 0:00:02]} 7. Nfd2 {[%emt 0:00:05]} f5 {[%emt 0:00:02]} 8. Ba4+ {[%emt 0:00:02]} Bd7 {[%emt 0:00:02]} 9. Bxd7+ {[%emt 0:00:02]} Nxd7 {[%emt 0:00:03]} 10. c4 {[%emt 0:00:00]} Nb6 {[%emt 0:00:05]} 11. cxd5 {[%emt 0:00:05]} Nxd5 {[%emt 0:00:02]} 12. Nb3 {[%emt 0:00:02]} a5 {[%emt 0:00:05]} 13. a4 {[%emt 0:00:04]} h5 {[%emt 0:00:08]} 14. Nc3 {[%emt 0:00:03]} Nb4 {[%emt 0:00:04]} 15. O-O {[%emt 0:00:29]} h4 {[%emt 0:00:05]} 16. h3 {[%emt 0:00:01]} g5 {[%emt 0:00:04]} 17. Re1 {[%emt 0:00:04]} Nf6 {[%emt 0:00:06]} 18. Bxg5 {[%emt 0:00:04]} Rg8 {[%emt 0:00:05]} 19. Bxh4 {[%emt 0:00:08]} Qe7 {[%emt 0:00:08]} 20. f3 {[%emt 0:00:10]} Qg7 {[%emt 0:00:02]} 21. g4 {[%emt 0:00:08]} fxg4 {[%emt 0:00:02]} 22. fxg4 {[%emt 0:00:02]} Nh5 {[%emt 0:00:03]} 23. Rf1 {[%emt 0:00:08]} Nd3 {[%emt 0:00:06]} 24. Rb1 {[%emt 0:00:14]} Ndf4 {[%emt 0:00:08]} 25. Nxe4 {[%emt 0:00:20]} Nxh3+ {[%emt 0:00:04]} 26. Kh2 {[%emt 0:00:07]} N5f4 {[%emt 0:00:36]} 27. Bg3 {[%emt 0:00:25]} Rh8 {[%emt 0:00:10]} 28. Bxf4 {[%emt 0:00:24]} Nxf4+ {[%emt 0:00:02]} 29. Kg1 {[%emt 0:00:02]} Nh3+ {[%emt 0:00:04]} 30. Kg2 {[%emt 0:00:03]} Nf4+ {[%emt 0:00:03]} 31. Rxf4 {[%emt 0:00:06]} Qh7 {[%emt 0:00:11]} 32. Nf6+ {[%emt 0:00:01]} Ke7 {[%emt 0:00:04]} 33. Nxh7 {[%emt 0:00:01]} Rxh7 {[%emt 0:00:01]} 34. Qe2+ {[%emt 0:00:01]} Kd6 {[%emt 0:00:01]} 35. Qe5+ {[%emt 0:00:02]} Kd7 {[%emt 0:00:03]} 36. Rf6 {[%emt 0:00:01]} Ra6 {[%emt 0:00:07]} 37. Rxa6 {[%emt 0:00:03]} bxa6 {[%emt 0:00:01]} 38. Qf5+ {[%emt 0:00:04]} Kc7 {[%emt 0:00:05]} 39. Qxh7+ {[%emt 0:00:00]} Kc6 {[%emt 0:00:02]} 40. Rc1+ {[%emt 0:00:00]} Kd5 {[%emt 0:00:01]} 41. Qf5+ {[%emt 0:00:05]} Kd6 {[%emt 0:00:02]} 42. Rc5 {[%emt 0:00:02]} Ke7 {[%emt 0:00:03]} 43. Rc6 {[%emt 0:00:03]} Kd8 {[%emt 0:00:09]} 44. Qh7 {[%emt 0:00:02]} Bb4 {[%emt 0:00:10]} 45. Rc7 {[%emt 0:00:09]} Bd6 {[%emt 0:00:08]} 46. Qd7# {[%emt 0:00:01] (Lag: Av=0.40s, max=1.1s)} 1-0

[Event "Is Bankasi Online Satranc Turn.13-14 Yas"]
[Site "T#645826Mustafa Kemal"]
[Date "2020.05.08"]
[Round "2"]
[White "Refikefegani36"]
[Black "Yasarasiltas66"]
[Result "0-1"]
[WhiteElo "1620"]
[BlackElo "1620"]
[Annotator "NA RC"]
[PlyCount "68"]
[EventDate "2020.05.08"]
[EventType "swiss (blitz)"]

1. d4 {[%emt 0:00:03]} Nf6 {[%emt 0:00:02]} 2. c4 {[%emt 0:00:02]} e6 {[%emt 0:00:01]} 3. Nc3 {[%emt 0:00:02]} d5 {[%emt 0:00:01]} 4. cxd5 {[%emt 0:00:06]} exd5 {[%emt 0:00:02]} 5. Bg5 {[%emt 0:00:02]} Be7 {[%emt 0:00:01]} 6. e3 {[%emt 0:00:02]} O-O {[%emt 0:00:01]} 7. Bd3 {[%emt 0:00:02]} c6 {[%emt 0:00:04]} 8. Nge2 {[%emt 0:00:03]} h6 {[%emt 0:00:06]} 9. Bh4 {[%emt 0:00:03]} Be6 {[%emt 0:00:05]} 10. O-O {[%emt 0:00:02]} Nbd7 {[%emt 0:00:02]} 11. f3 {[%emt 0:00:02]} Ne8 {[%emt 0:00:06]} 12. Bf2 {[%emt 0:00:21]} Nd6 {[%emt 0:00:05]} 13. e4 {[%emt 0:00:03]} dxe4 {[%emt 0:00:14]} 14. fxe4 {[%emt 0:00:02]} Nc4 {[%emt 0:00:18]} 15. Rb1 {[%emt 0:01:05]} Ndb6 {[%emt 0:00:08]} 16. b3 {[%emt 0:00:11]} Nd6 {[%emt 0:00:18]} 17. d5 {[%emt 0:00:04]} cxd5 {[%emt 0:00:03]} 18. exd5 {[%emt 0:00:01]} Nxd5 {[%emt 0:00:24]} 19. Nxd5 {[%emt 0:00:03]} Bxd5 {[%emt 0:00:02]} 20. Nf4 {[%emt 0:00:02]} Be6 {[%emt 0:00:05]} 21. Nxe6 {[%emt 0:00:04]} fxe6 {[%emt 0:00:01]} 22. Re1 {[%emt 0:00:01]} Qe8 {[%emt 0:00:24]} 23. Qg4 {[%emt 0:00:14]} Qf7 {[%emt 0:00:27]} 24. Bg3 {[%emt 0:00:11]} Nf5 {[%emt 0:00:08]} 25. Bf2 {[%emt 0:00:32]} Rad8 {[%emt 0:00:07]} 26. Be4 {[%emt 0:00:04]} Nd4 {[%emt 0:00:12]} 27. Bxd4 {[%emt 0:00:09]} Rxd4 {[%emt 0:00:03]} 28. Bh7+ {[%emt 0:00:03]} Kxh7 {[%emt 0:00:04]} 29. Qxd4 {[%emt 0:00:01]} Bd8 {[%emt 0:00:09]} 30. Qe4+ {[%emt 0:00:03]} Kh8 {[%emt 0:00:06]} 31. Rf1 {[%emt 0:00:02]} Bb6+ {[%emt 0:00:03]} 32. Rf2 {[%emt 0:00:15]} Qxf2+ {[%emt 0:00:02]} 33. Kh1 {[%emt 0:00:02]} Qf1+ {[%emt 0:00:02]} 34. Rxf1 {[%emt 0:00:00]} Rxf1# {[%emt 0:00:02] (Lag: Av=0.53s, max=0.8s)} 0-1